Länder Mitteleuropas - Statistiken

Allgemein
  • Dieses Quiz wurde 40 mal gespielt
  • Das Durchschnittsergebnis liegt bei 12 aus 14
Antwortstatistiken
Land % Korrekt
Österreich
100%
Deutschland
97%
Polen
97%
Schweiz
97%
Tschechien
97%
Ungarn
97%
Slowakei
94%
Liechtenstein
92%
Slowenien
92%
Kroatien
86%
Luxemburg
75%
Estland
50%
Lettland
50%
Litauen
50%
Keine übereinstimmenden Quizze gefunden
Verteilung der Resultate
Anzahl Personen mit jedem Resultat
Perzentil nach korrekt beantworteten Fragen
Ihre Resultats-Entwicklung
Sie haben dieses Quiz noch nicht gespielt